Manual ilustrado de habilidades de comunicación : (Record no. 193537)
[ view plain ]
| 000 -LEADER | |
|---|---|
| campo de control de longitud fija | 01847nam a2200349 i 4500 |
| 001 - NÚMERO DE CONTROL | |
| campo de control | 193537 |
| 003 - IDENTIFICADOR DE NÚMERO DE CONTROL | |
| campo de control | ES-MaACL |
| 005 - FECHA Y HORA DE LA ÚLTIMA TRANSACCIÓN | |
| campo de control | 20251012184110.0 |
| 007 - CAMPO FIJO DE DESCRIPCIÓN FÍSICA--INFORMACIÓN GENERAL | |
| campo de control de longitud fija | ta |
| 008 - DATOS DE LONGITUD FIJA--INFORMACIÓN GENERAL | |
| campo de control de longitud fija | 240105s2023 sp ||||| |||| 00| 0 spa d |
| 020 ## - NÚMERO INTERNACIONAL ESTÁNDAR DEL LIBRO | |
| Número Internacional Estándar del Libro | 9788436847994 |
| 040 ## - FUENTE DE CATALOGACIÓN | |
| Centro catalogador/agencia de origen | ES-MaACL |
| Centro/agencia transcriptor | ES-MaACL |
| 100 0# - ENTRADA PRINCIPAL--NOMBRE DE PERSONA | |
| 9 (RLIN) | 73777 |
| Nombre de persona | López Méndez, Ernesto |
| Término indicativo de función/relación | Autor |
| 245 ## - MENCIÓN DEL TÍTULO | |
| Título | Manual ilustrado de habilidades de comunicación : |
| Resto del título | guía clínica para profesionales de la salud / |
| Mención de responsabilidad, etc. | Ernesto López Méndez, Pilar Llorente Domingo, Miugel Costa Cabanillas ; ilustrado por Julia Sepúlveda Llorente. |
| 264 #1 - PRODUCCIÓN, PUBLICACIÓN, DISTRIBUCIÓN, FABRICACIÓN Y COPYRIGHT | |
| Producción, publicación, distribución, fabricación y copyright | Madrid : |
| Nombre del de productor, editor, distribuidor, fabricante | Ediciones Pirámide |
| Fecha de producción, publicación, distribución, fabricación o copyright | 2023. |
| 300 ## - DESCRIPCIÓN FÍSICA | |
| Extensión | 427 páginas |
| Dimensiones | 23 cm |
| 490 ## - MENCIÓN DE SERIE | |
| Mención de serie | Colección Psicología. Manuales prácticos |
| 520 ## - RESUMEN, ETC. | |
| Sumario, etc. | Son muchas las personas que acuden cada día a los servicios de salud con el deseo y la esperanza de ser escuchadas y comprendidas. Se encuentran allí con profesionales de la medicina, la enfermería, la psicología, la fisioterapia y de otras disciplinas, dispuestos a escuchar y comprender sus demandas, a ofrecerles diálogo, motivación y cuidado y a promover la solución y el alivio que buscan. |
| 650 #7 - PUNTO DE ACCESO ADICIONAL DE MATERIA--TÉRMINO DE MATERIA | |
| Término de materia o nombre geográfico como elemento de entrada | Psicología social |
| Fuente del encabezamiento o término | embne |
| 9 (RLIN) | 16573 |
| 650 #4 - PUNTO DE ACCESO ADICIONAL DE MATERIA--TÉRMINO DE MATERIA | |
| 9 (RLIN) | 11187 |
| Término de materia o nombre geográfico como elemento de entrada | Comunicación |
| 700 ## - ENTRADA AGREGADA--NOMBRE PERSONAL | |
| Nombre de persona | Llorente Domingo, Pilar |
| 9 (RLIN) | 234841 |
| 700 1# - ENTRADA AGREGADA--NOMBRE PERSONAL | |
| Nombre de persona | Costa Cabanillas, Miguel |
| Término indicativo de función/relación | Autor |
| 9 (RLIN) | 41071 |
| 700 1# - ENTRADA AGREGADA--NOMBRE PERSONAL | |
| Nombre de persona | Sepúlveda Llorente, Julia |
| 9 (RLIN) | 234993 |
| 852 ## - LOCALIZACIÓN | |
| Ubicación | ES-MaACL |
| Sublocalización o colección | R.154819 |
| Ubicación en estantería | Depósito J |
| Donativo/Legado | Donación: Ernesto López Méndez |
| Encuadernación | Encuadernación rústica |
| Número de control de estantería | N-9654 |
| itemnumber | 201145 |
| 903 ## - NOMBRE PERSONAL DE DONANTE | |
| 9 | 73777 |
| a | López Méndez, Ernesto |
| e | Donante |
| 942 ## - ELEMENTOS DE ENTRADA SECUNDARIOS (KOHA) | |
| Suprimir en OPAC | No |
| Tipo de ítem Koha | Libro impreso |
| Estatus retirado | Estado de pérdida | Fuente del sistema de clasificación o colocación | Estado de daño | No para préstamo | Colección | Biblioteca de origen | Biblioteca actual | Ubicación en estantería | Fecha de adquisición | Fuente de adquisición | Total de préstamos | Signatura topográfica completa | Código de barras | Visto por última vez | Precio de reemplazo | Tipo de ítem Koha | Nota pública |
|---|---|---|---|---|---|---|---|---|---|---|---|---|---|---|---|---|---|
| Clasificación decimal universal | Libros con dedicatorias | Biblioteca del Ateneo de Madrid | Biblioteca del Ateneo de Madrid | Depósito J | 03/11/2023 | Donación | N-9654 | 101206540 | 31/01/2024 | 31/01/2024 | Libro impreso | Dedicatoria autógrafa del autor |
